000 00651nam a2200205Ia 4500
005 20250425162834.0
008 250425s9999 xx 000 0 und d
020 _a9781138648746
041 _aeng
082 _a658.4013
_pJAM
100 _aJames, Lowellymes
245 0 _aManagement systems and performance frameworks for sustainability
_bA road map for sustainably managed enterprises
_cLowellyne James
260 _aNew York
_bRoutledge
_c2018
300 _a241 páginas
650 _a Desarrollo sostenible
650 _a Pequeña empresa-Aspectos ambientales
650 _aGestión total de la calidad
942 _c01
010 _a112322
999 _c237490
_d237490